000
00178nam a2200073Ia 4500
008
170817s9999 xx 000 0 und d
100
_a
sharma.R.K
245
0
_a
Shiksha Manovigyan
260
_b
Radha Prakashan Agra
999
_c
39254
_d
39254